书目信息 |
| 题名: |
常用电气设备故障诊断与排除问答
|
|
| 作者: | 安顺合 编 | |
| 分册: | ||
| 出版信息: | 北京 机械工业出版社 2002.07 |
|
| 页数: | 290页 | |
| 开本: | 24cm | |
| 丛书名: | ||
| 单 册: | ||
| 中图分类: | TM07-44 | |
| 科图分类: | ||
| 主题词: | 电气设备--故障诊断--问答 , 电气设备--故障修复--问答 | |
| 电子资源: | ||
| ISBN: | 7-111-10412-9 | |
| 000 | 00743nam0 2200217 45 | |
| 005 | 20050110151728.32 | |
| 010 | @a7-111-10412-9@dCNY 33.00 | |
| 100 | @a20021118d2002 ekmy0chiy0121 ea | |
| 101 | 0 | @achi |
| 102 | @aCN@b110000 | |
| 105 | @aa z 000yy | |
| 200 | 1 | @a常用电气设备故障诊断与排除问答@Achang yong dian qi she bei gu zhang zhen duan yu pai chu wen da@f安顺合编 |
| 210 | @a北京@c机械工业出版社@d2002.07 | |
| 215 | @a290页@c图@d24cm | |
| 330 | @a本书内容:发电机,电动机,变压器,低压电器,变配电装置,电气线路,机床电气等。 | |
| 606 | 0 | @a电气设备@x故障诊断@x问答 |
| 606 | 0 | @a电气设备@x故障修复@x问答 |
| 690 | @aTM07-44@v4 | |
| 701 | 0 | @a安顺合@Aan shun he@4编 |
| 801 | 0 | @aCN@bQSSKf@c20050110 |
| 905 | @a10447@dTM07-44@eA685 | |
| 常用电气设备故障诊断与排除问答/安顺合编.-北京:机械工业出版社,2002.07 |
| 290页:图;24cm |
| ISBN 7-111-10412-9:CNY 33.00 |
| 本书内容:发电机,电动机,变压器,低压电器,变配电装置,电气线路,机床电气等。 |
| ● |
| 相关链接 |
|
|
|
正题名:常用电气设备故障诊断与排除问答
索取号:TM07-44/A685
 
预约/预借
| 序号 | 登录号 | 条形码 | 馆藏地/架位号 | 状态 | 备注 |
| 1 | 435918 | 204359185 | 自科库301/301自科库 5排4列4层/ [索取号:TM07-44/A685] | 在馆 | |
| 2 | 435919 | 204359194 | 自科库301/301自科库 5排4列4层/ [索取号:TM07-44/A685] | 在馆 | |
| 3 | 435920 | 204359201 | 自科二线404/404自科库 10排5列1层/ [索取号:TM07-44/A685] | 在馆 |